<?xml version="1.0" encoding="UTF-8"?>
<record
    xmlns:xsi="http://www.w3.org/2001/XMLSchema-instance"
    xsi:schemaLocation="http://www.loc.gov/MARC21/slim http://www.loc.gov/standards/marcxml/schema/MARC21slim.xsd"
    xmlns="http://www.loc.gov/MARC21/slim">

  <leader>06301njm a2200577Ia 4500</leader>
  <controlfield tag="001">38760</controlfield>
  <controlfield tag="003">IT-RoPAU</controlfield>
  <controlfield tag="005">20220918181109.0</controlfield>
  <controlfield tag="008">131025s9999    xx            000 0 und d</controlfield>
  <datafield tag="040" ind1=" " ind2=" ">
    <subfield code="a">IT-RoPAU</subfield>
  </datafield>
  <datafield tag="040" ind1=" " ind2=" ">
    <subfield code="c">IT-RoPAU</subfield>
  </datafield>
  <datafield tag="999" ind1=" " ind2=" ">
    <subfield code="c">98853</subfield>
    <subfield code="d">98853</subfield>
  </datafield>
  <datafield tag="999" ind1=" " ind2=" ">
    <subfield code="b">n.d.</subfield>
  </datafield>
  <datafield tag="100" ind1=" " ind2=" ">
    <subfield code="a">Carter Benny</subfield>
    <subfield code="9">20327</subfield>
  </datafield>
  <datafield tag="100" ind1=" " ind2=" ">
    <subfield code="e">Autore musica</subfield>
    <subfield code="9">20328</subfield>
  </datafield>
  <datafield tag="100" ind1=" " ind2=" ">
    <subfield code="g">Codice autore musica SPICS: 10774</subfield>
    <subfield code="9">20329</subfield>
  </datafield>
  <datafield tag="245" ind1=" " ind2=" ">
    <subfield code="a">Benny Carter</subfield>
  </datafield>
  <datafield tag="250" ind1=" " ind2=" ">
    <subfield code="a">2a ed.</subfield>
  </datafield>
  <datafield tag="260" ind1=" " ind2=" ">
    <subfield code="a">MILANO</subfield>
  </datafield>
  <datafield tag="260" ind1=" " ind2=" ">
    <subfield code="b">RUSCONI</subfield>
    <subfield code="c">1986 [1a Ed.:]</subfield>
  </datafield>
  <datafield tag="300" ind1=" " ind2=" ">
    <subfield code="a">DISCO</subfield>
  </datafield>
  <datafield tag="300" ind1=" " ind2=" ">
    <subfield code="c">43 minuti (Testo:  pag.)</subfield>
  </datafield>
  <datafield tag="500" ind1=" " ind2=" ">
    <subfield code="a">Musica jazz. Disco fuori commercio allegato al n. 11 '86 della rivista "Musica jazz"</subfield>
  </datafield>
  <datafield tag="505" ind1=" " ind2=" ">
    <subfield code="a">Charleston Is the Best Dance Alter All [(New York, 24 gennaio 1928) (4:00)] - Once Upon A Time [(New York, 10 ottobre 1933) (4:00)] - Lonesome Nights [(New York, 16 ottobre 1933) (4:00)] - Waltzing the Blues [(Londra, 20 giugno 1936) (3:00)] - Out of Nowhere [(Parigi, 28 aprile 1937) (4:00)] - My Buddy [(L'Aja, 18 agosto 1937) (3:00)] - Sunday [(New York, 16 ottobre 1941) (3:00)] - Rockin' Chair [(New Jersey, 22 marzo 1941) (4:00)] - Stardust [(Los Angeles, autunno 1944) (3:00)] - Riffamarole [(Los Angeles, 30 marzo 1945) (3:00)] - Jump Call [(Los Angeles, maggio-giugno 1946) (4:00)] - Oof Dah [(Los Angeles, Fine 1946) (5:00)] - Cruisin' [(New York, 26 luglio 1952) (3:00)] - </subfield>
  </datafield>
  <datafield tag="511" ind1=" " ind2=" ">
    <subfield code="a">Smith Jabbo: tr; Davis Leonard: tr; Irvis Charles: trne; Carter Benny: alto, cl, arr; Sampson Edgar: alto, viol; Harrell Elmer: cl, ten; Johnson Charlie: p; Johnson Bobby: bjo; Clair Cyrus St.: tu; Stafford George: batt; Charlie Johnson's Paradise Ten</subfield>
  </datafield>
  <datafield tag="511" ind1=" " ind2=" ">
    <subfield code="a">Carter Benny: tr, arr; O'Brien Floyd: trne; Berry Leon "Chu": ten; Wilson Teddy: p; Lucie Lawrence: chit; Hill Ernest: cb; Catlett Sidney: batt; The Chocolate Dandies</subfield>
  </datafield>
  <datafield tag="511" ind1=" " ind2=" ">
    <subfield code="a">Mallory Eddie: tr; Dillard Bill: tr; Higginbotham J.C.: trne; Robinson Fred: trne; Johnson Keg: trne; Carter Benny: alto, cl, arr; Carver Wayman: alto, fl; Paque Glyn: alto; Russell John: ten; Wilson Teddy: p; Lucie Lawrence: chit; Hill Ernest: cb; Catlett Sidney: batt; Benny Carter and His Orchestra</subfield>
  </datafield>
  <datafield tag="511" ind1=" " ind2=" ">
    <subfield code="a">Carter Benny: ten, alto, arr; Rodgers Gene: p; Addison Bernard: chit; Porris Wally: cb; Elrick George: batt; Benny Carter and His Swing Quartet</subfield>
  </datafield>
  <datafield tag="511" ind1=" " ind2=" ">
    <subfield code="a">Carter Benny: tr, arr; Combelle Alix: cl; Ekyan Andr&#xE9;: alto; Hawkins Coleman: ten; Grappelli Stephane: p; Reinhardt Django: chit; D'Hellemmes Eugene: cb; Benford Tommy: batt; Coleman Hawkins and His All Stars Jam Band</subfield>
  </datafield>
  <datafield tag="511" ind1=" " ind2=" ">
    <subfield code="a">Carter Benny: tr, cl, alto, arr; Chisholm George: trne; Williams Jimmy: cl, ten, alto; Hawkins Coleman: ten; Johnson Freddy: p; Webb Ray: chit; Harrison Len: cb; Montmarch&#xE8; Robert: batt; Benny Carter and His Orchestra</subfield>
  </datafield>
  <datafield tag="511" ind1=" " ind2=" ">
    <subfield code="a">Williams Nat: tr; Berry Emmett: tr; Reese Rostelle: tr; Archey James: trne; Morton Benny: trne; McConnell John: trne; Carter Benny: alto, tr, arr; Purce Ernie: alto; James George: alto; Powell Ernie: ten; Gibson Alfred: ten; White Sonny: p; Lewis William: chit; Drayton Charles: cb; Sheperd Berisford: batt; Benny Carter and His Orchestra</subfield>
  </datafield>
  <datafield tag="511" ind1=" " ind2=" ">
    <subfield code="a">Carter Benny: tr; Sherock Shorty: tr; Halten Torg: tr; Young Graham: tr; Kelliher Jay: trne; Virgadamo Pat: trne; Wagner Babe: trne; Neagley Clint: alto; Ruffo Mascagni: alto; Bates Walter: ten; Musiker Sam: ten; Kitsis Bob: p; Bastien Buddy: cb; Krupa Gene: batt; Gene Krupa Swing Band</subfield>
  </datafield>
  <datafield tag="511" ind1=" " ind2=" ">
    <subfield code="a">Carter Benny: tr, arr con formazione probabilmente composta da: Carrol Joe: tr; George Karl: tr; Davis Edwin: tr; Fletcher Milton: tr; Moore Alton: trne; Johnson J.J.: trne; Haughton Shorty: trne; Varsalona Bart: trne; Kilbert Porter: alto; Brown Willard: alto, bar; Porter Eugene: ten; Myers Hubert "Bump": ten; Wiggins Gerald: p; Edwards W.J.: chit; Drayton Charles: cb; Roach Max: batt; Benny Carter and His Orchestra</subfield>
  </datafield>
  <datafield tag="511" ind1=" " ind2=" ">
    <subfield code="a">Coleman Bill: tr; Bailey Buster: cl; Carter Benny: alto; Hawkins Coleman: ten; Cole Nat King: p; Moore Oscar: chit; Kirby John: cb; Roach Max: batt; Capitol Jazzmen</subfield>
  </datafield>
  <datafield tag="511" ind1=" " ind2=" ">
    <subfield code="a">Davis Miles: tr; Cohen Paul: tr; Pettiford Ira: tr; Williams Walter: tr; Grey Al: trne; Ross Candy: trne; Carter Benny: tr, alto, arr; Myers Bump: ten; Parker Lyle: ten; Brown Willard: alto, bar; White Sonny: p; Cannady James: chit; Moultrie Thomas: cb; Brice Percy: batt; Benny Carter and His Orchestra</subfield>
  </datafield>
  <datafield tag="511" ind1=" " ind2=" ">
    <subfield code="a">Cohen Paul: tr; Pettiford Ira: tr; Williams Walter: tr; Grey Al: trne; Ross Candy: trne; Carter Benny: alto, arr; Myers Bump: ten; Brown Willard: bar; White Sonny: p; Cannady James: chit; El Moultrie Thomas: cb; Bryce Percy: batt; Benny Carter and His Orchestra</subfield>
  </datafield>
  <datafield tag="511" ind1=" " ind2=" ">
    <subfield code="a">Carter Benny: alto, arr con formazione probabilmente composta da: Cheatham Doc: tr; Jordan Taft: tr; Vance Richard: tr; Gleen Tyree: trne; Jones Claude: trne; Rehak Frank: trne; Barefield Eddie: alto; Drehinger Art: ten; Thompson Lucky: ten; Brown Willard: bar; Taylor Billy: p; Hall Rene: chit; Brown Ray: cb; Columbus Chris: batt; Benny Carter and His Orchestra</subfield>
  </datafield>
  <datafield tag="650" ind1=" " ind2=" ">
    <subfield code="a">JAZZ [DISCHI]</subfield>
    <subfield code="e">Codice MATERIA SPICS: 9950</subfield>
    <subfield code="9">20330</subfield>
  </datafield>
  <datafield tag="700" ind1=" " ind2=" ">
    <subfield code="a">Carter Benny</subfield>
    <subfield code="e">Interprete</subfield>
    <subfield code="g">Codice interprete SPICS: 10774</subfield>
    <subfield code="9">20331</subfield>
  </datafield>
  <datafield tag="700" ind1=" " ind2=" ">
    <subfield code="a">AA.VV.</subfield>
    <subfield code="g">Codice autore SPICS: 12000</subfield>
    <subfield code="p">Autore</subfield>
    <subfield code="9">20332</subfield>
  </datafield>
  <datafield tag="700" ind1=" " ind2=" ">
    <subfield code="a">Johnson Charlie</subfield>
    <subfield code="g">Codice autore musica SPICS: 16418</subfield>
    <subfield code="p">Charleston Is the Best Dance Alter All</subfield>
    <subfield code="e">Autore musica</subfield>
    <subfield code="9">20333</subfield>
  </datafield>
  <datafield tag="700" ind1=" " ind2=" ">
    <subfield code="a">Carter Benny</subfield>
    <subfield code="g">Codice autore musica SPICS: 10774</subfield>
    <subfield code="p">Once Upon A Time - Lonesome Nights - Waltzing the Blues - Riffamarole - Jump Call - Oof Dah - Cruisin'</subfield>
    <subfield code="e">Autore musica</subfield>
    <subfield code="9">20334</subfield>
  </datafield>
  <datafield tag="700" ind1=" " ind2=" ">
    <subfield code="a">Green</subfield>
    <subfield code="g">Codice autore musica SPICS: 28242</subfield>
    <subfield code="p">Out of Nowhere</subfield>
    <subfield code="e">Autore musica</subfield>
    <subfield code="9">20335</subfield>
  </datafield>
  <datafield tag="700" ind1=" " ind2=" ">
    <subfield code="a">Heyman Edward</subfield>
    <subfield code="g">Codice autore SPICS: 15566</subfield>
    <subfield code="p">Out of Nowhere</subfield>
    <subfield code="e">Autore</subfield>
    <subfield code="9">20336</subfield>
  </datafield>
  <datafield tag="700" ind1=" " ind2=" ">
    <subfield code="a">Donaldson</subfield>
    <subfield code="g">Codice autore musica SPICS: 14426</subfield>
    <subfield code="p">My Buddy</subfield>
    <subfield code="e">Autore musica</subfield>
    <subfield code="9">20337</subfield>
  </datafield>
  <datafield tag="700" ind1=" " ind2=" ">
    <subfield code="a">Kahn</subfield>
    <subfield code="g">Codice autore SPICS: 19977</subfield>
    <subfield code="p">My Buddy</subfield>
    <subfield code="e">Autore</subfield>
    <subfield code="9">20338</subfield>
  </datafield>
  <datafield tag="700" ind1=" " ind2=" ">
    <subfield code="a">Miller Arthur</subfield>
    <subfield code="g">Codice autore musica SPICS: 9210</subfield>
    <subfield code="p">Sunday</subfield>
    <subfield code="e">Autore musica</subfield>
    <subfield code="9">20339</subfield>
  </datafield>
  <datafield tag="700" ind1=" " ind2=" ">
    <subfield code="a">Cohn Al</subfield>
    <subfield code="g">Codice autore SPICS: 10711</subfield>
    <subfield code="p">Sunday</subfield>
    <subfield code="e">Autore</subfield>
    <subfield code="9">20340</subfield>
  </datafield>
  <datafield tag="700" ind1=" " ind2=" ">
    <subfield code="a">Krueger</subfield>
    <subfield code="g">Codice autore testo/musica SPICS: 20700</subfield>
    <subfield code="p">Sunday</subfield>
    <subfield code="e">Autore testo/musica</subfield>
    <subfield code="9">20341</subfield>
  </datafield>
  <datafield tag="700" ind1=" " ind2=" ">
    <subfield code="a">Carmichael Hoagy</subfield>
    <subfield code="g">Codice autore musica SPICS: 10736</subfield>
    <subfield code="p">Rockin' Chair - Stardust</subfield>
    <subfield code="e">Autore musica</subfield>
    <subfield code="9">20342</subfield>
  </datafield>
  <datafield tag="942" ind1=" " ind2=" ">
    <subfield code="c">MD</subfield>
    <subfield code="2">ddc</subfield>
  </datafield>
  <datafield tag="952" ind1=" " ind2=" ">
    <subfield code="0">0</subfield>
    <subfield code="1">0</subfield>
    <subfield code="4">0</subfield>
    <subfield code="6">38760_000000000000000</subfield>
    <subfield code="7">1</subfield>
    <subfield code="a">SPICS</subfield>
    <subfield code="b">SPICS</subfield>
    <subfield code="d">2013-10-25</subfield>
    <subfield code="l">0</subfield>
    <subfield code="o">38760</subfield>
    <subfield code="r">2013-10-25 00:00:00</subfield>
    <subfield code="w">2013-10-25</subfield>
    <subfield code="y">MD</subfield>
    <subfield code="z">Progr. Ins.: 13736 / N.Vol.: 1 / Copie: 1 - Copia rara: n.d. / date import: 01.01.2014 - By Epidotti, Trombetti, Vaglietti</subfield>
  </datafield>
</record>
